1391 1869 1604 1920 1065 1835 1835 1265 1322 1445 1817 1016 1725 1509 1246 1287 1654 1559 1972 1860 1347 1770 1893 1257 1022 1928 1636 1215 1497 1872 1002 1380 1314 1915 1418 1323 1467 1948 1128 1575 1908 1991 1446 1905 1930 1687 1936 1589 1005 1536 1277 1189 1953 1104 1342 1232 1181 1794 1428 1571 1475 1290 1324 1660 1382 1754 1054 1403 1079 1088 1186 1672 1543 1995 1163 1328 1824 1047 1497 1478 1903 1538 1175 1963 1449 1677 1371 1002 1814 1885 1563 1615 1832 1534 1370 1208 1243 1228 1688 BCNSPRNW ULIB Ver.6.0+V

เปลี่ยนเป็นภาษาไทย

Change to English
 แสดงรายละเอียดบรรณานุกรม
  กลับหน้าหลัก

Brief Record : Get Marc (ISO 2709) : E-mail record : QR code < ปิดหน้าต่าง
LEADER : 00000nam 2200000uu 4500
001    13399120586
003     ULIB
008    120928s2552||||th 000 0 tha d
020    ^a9786111100570
060 04 ^aWY154^bก451 2552
245 00 ^aการดูแลด้านจิตวิญญาณในผู้ป่วยระยะสุดท้าย /^cศรีเกียรติอนันต์สวัสดิ์, บรรณาธิการ
250    ^aพิมพ์ครั้งที่ 1
260    ^aนนทบุรี :^bโครงการสวัสดิการวิชาการ สถาบันพระบรมราชชนก,^c2552
300    ^a108 หน้า ;^c26 ซม.
650  7 ^aการพยาบาลผู้ป่วยวิกฤต^xแง่จิตวิทยา
650  7 ^aผู้ป่วยหนัก^xการดูแล^xแง่จิตวิทยา
650  7 ^aผู้ป่วยใกล้ตาย^xการดูแล^xแง่จิตวิทยา
650  7 ^aการพยาบาลด้านจิตวิญญาณ
700 0  ^aศรีเกียรติ อนันต์สวัสดิ์,^eบรรณาธิการ
710 2  ^aสถาบันพระบรมราชชนก.^bโครงการสวัสดิการวิชาการ
945    ^p230^l0^i16825
945    ^p230^l0^i16826
945    ^p230^l0^i16827
945    ^p230^l0^i16899
945    ^p230^l0^i16900
945    ^p230^l0^i17893
945    ^p230^l0^i17894
995    ^aวิภา
999 ^a ใช้งานได้ทุกระบบ
รายการนี้ยังไม่มีแท็ก
คุณยังไม่ได้ล็อกอิน คุณสามารถมีกิจกรรมร่วมกับเว็บไซต์ได้ แต่ต้องล็อกอินก่อน ::
  ล็อกอิน

รายการสื่อสารสนเทศ

ลำดับที่ ประเภท เลขเรียก/บาร์โค้ด สถานที่ สถานะ
- ไม่พบข้อมูล -

รายการใกล้เคียง
    หัวเรื่อง [การพยาบาลด้านจิตวิญญาณ]

BibComment


ยังไม่เคยถูกคอมเมนท์

คอมเมนท์ทรัพยากรรายการนี้
  คอมเมนท์: การดูแลด้านจิตวิ..


 Copyright 2026. Bcnsprnw @Library